Vybrané aspekty rozvoja regiónov Slovenska

Predstavenie ekonomických a sociálnych špecifík jednotlivých regiónov Slovenska prostredníctvom vybraných ukazovateľov ako je populácia, nezamestnanosť, hrubé mzdy, hrubá pridaná hodnota, priame zahraničné investície, či podnikateľská aktivita. Zameranie na vývoj týchto ukazovateľov v rokoch 2015-20...

Descrizione completa

Salvato in:
Dettagli Bibliografici
Autore principale: Jančovičová Bognárová, Kristína, 1979-
Altri autori: Hudecová, Klaudia
Natura: Capitolo di libro
Lingua:slovacco
Soggetti:
Tags: Aggiungi Tag
Nessun Tag, puoi essere il primo ad aggiungerne!!

MARC

LEADER 00000naa$a2200000$$$4500
001 0279049
005 20250424120917.6
041 0 |a slo 
044 |a SK 
245 1 0 |a Vybrané aspekty rozvoja regiónov Slovenska  |c Kristína Jančovičová Bognárová, Klaudia Hudecová 
520 |a Predstavenie ekonomických a sociálnych špecifík jednotlivých regiónov Slovenska prostredníctvom vybraných ukazovateľov ako je populácia, nezamestnanosť, hrubé mzdy, hrubá pridaná hodnota, priame zahraničné investície, či podnikateľská aktivita. Zameranie na vývoj týchto ukazovateľov v rokoch 2015-2019. 
610 2 0 |a konkurencieschopnosť 
610 2 0 |a miera nezamestnanosti 
610 2 0 |a investície priame zahraničné 
610 2 0 |a podnikatelia 
100 1 |a Jančovičová Bognárová, Kristína, 1979- 
700 1 |a Hudecová, Klaudia